<?xml version="1.0" encoding="UTF-8"?>
<record
    xmlns:xsi="http://www.w3.org/2001/XMLSchema-instance"
    xsi:schemaLocation="http://www.loc.gov/MARC21/slim http://www.loc.gov/standards/marcxml/schema/MARC21slim.xsd"
    xmlns="http://www.loc.gov/MARC21/slim">

  <leader>00766nam a2200205Ia 4500</leader>
  <controlfield tag="008">230520s9999    xx            000 0 und d</controlfield>
  <datafield tag="020" ind1=" " ind2=" ">
    <subfield code="a">9787106029586 7106029580</subfield>
  </datafield>
  <datafield tag="041" ind1=" " ind2=" ">
    <subfield code="a">chi</subfield>
    <subfield code="h">eng</subfield>
  </datafield>
  <datafield tag="050" ind1=" " ind2=" ">
    <subfield code="a">GV884.W66 </subfield>
    <subfield code="b">.A38 2008</subfield>
  </datafield>
  <datafield tag="100" ind1=" " ind2=" ">
    <subfield code="a">Wooden, John </subfield>
  </datafield>
  <datafield tag="245" ind1=" " ind2="0">
    <subfield code="a">&#x4F0D;&#x767B;&#x6559;&#x7EC3;&#x6210;&#x529F;&#x91D1;&#x5B57;&#x5854;</subfield>
    <subfield code="b"> /</subfield>
    <subfield code="c">(&#x7F8E;) &#x7EA6;&#x7FF0;&#xB7;&#x4F0D;&#x767B; (John Wooden), (&#x7F8E;) &#x6770;&#x4F0A;&#xB7;&#x5361;&#x8FEA; (Jay Carty) &#x8457;; &#x6234;&#x7433;&#x8BD1;</subfield>
  </datafield>
  <datafield tag="246" ind1=" " ind2=" ">
    <subfield code="a">&#x4F0D;&#x767B;&#x6559;&#x7DF4;&#x6210;&#x529F;&#x91D1;&#x5B57;&#x5854;</subfield>
  </datafield>
  <datafield tag="260" ind1=" " ind2=" ">
    <subfield code="a">&#x5317;&#x4EAC; : </subfield>
    <subfield code="b">&#x4E2D;&#x56FD;&#x7535;&#x5F71;&#x51FA;&#x7248;&#x793E;,</subfield>
    <subfield code="c">2008</subfield>
  </datafield>
  <datafield tag="300" ind1=" " ind2=" ">
    <subfield code="a">13, 135 p. : </subfield>
    <subfield code="b">ill. ; </subfield>
    <subfield code="c">21 cm.</subfield>
  </datafield>
  <datafield tag="500" ind1=" " ind2=" ">
    <subfield code="a">Translation of:   Coach Wooden's Phramid of Success</subfield>
  </datafield>
  <datafield tag="650" ind1=" " ind2=" ">
    <subfield code="a">Wooden, John, -- 1910-2010.Basketball coaches -- United States -- Biography.</subfield>
  </datafield>
  <datafield tag="700" ind1=" " ind2=" ">
    <subfield code="a">Carty, Jay </subfield>
  </datafield>
  <datafield tag="700" ind1=" " ind2=" ">
    <subfield code="a">&#x7EA6;&#x7FF0;&#xB7;&#x4F0D;&#x767B;&#x6234;&#x7433;</subfield>
  </datafield>
  <datafield tag="952" ind1=" " ind2=" ">
    <subfield code="0">0</subfield>
    <subfield code="1">0</subfield>
    <subfield code="4">0</subfield>
    <subfield code="7">0</subfield>
    <subfield code="a">GETS</subfield>
    <subfield code="b">GETS</subfield>
    <subfield code="c"> GEN</subfield>
    <subfield code="d">2023-05-20</subfield>
    <subfield code="l">0</subfield>
    <subfield code="o">GV884.W66 .A38 2008</subfield>
    <subfield code="p">00030665</subfield>
    <subfield code="r">2023-05-20 00:00:00</subfield>
    <subfield code="w">2023-05-20</subfield>
    <subfield code="y">CB</subfield>
  </datafield>
  <datafield tag="999" ind1=" " ind2=" ">
    <subfield code="c">43722</subfield>
    <subfield code="d">43722</subfield>
  </datafield>
</record>
